书目信息 |
| 题名: |
再生还是衰落
|
|
| 作者: | 金熙德 , 冯昭奎 , 王新生 , 崔世广 著 | |
| 分册: | ||
| 出版信息: | 北京 社会科学文献出版社 2001.4 |
|
| 页数: | 538页 | |
| 开本: | 20cm | |
| 丛书名: | 日本研究丛书 | |
| 单 册: | ||
| 中图分类: | K313.5 | |
| 科图分类: | ||
| 主题词: | 东亚--历史 | |
| 电子资源: | ||
| ISBN: | 7-80149-492-X | |
| 000 | 00831nam0 2200277 45 | |
| 001 | 0201270960 | |
| 005 | 20031219104053.1 | |
| 010 | @a7-80149-492-X@dCNY33.00 | |
| 100 | @a20020127d2001 km y0chiy0120 ea | |
| 101 | 0 | @achi |
| 105 | @a z 000yy | |
| 200 | 1 | @a再生还是衰落@AZai Sheng Hai Shi Shuai Luo@e21世纪日本的抉择@E21 Shi Ji Ri Ben De Jue Ze@f金熙德等著@FJin Xi De Deng Zhu |
| 210 | @a北京@c社会科学文献出版社@d2001.4 | |
| 215 | @a538页@d20cm | |
| 225 | @a日本研究丛书 | |
| 410 | @12001 @a日本研究丛书 | |
| 517 | @a21世纪日本的抉择@A21 Shi Ji Ri Ben De Jue Ze | |
| 606 | 0 | @a东亚@x历史 |
| 607 | @a日本@x研究@z当代 | |
| 690 | @aK313.5@v4 | |
| 701 | 0 | @a金熙德@4著 |
| 701 | 0 | @a冯昭奎@4著 |
| 701 | 0 | @a王新生@4著 |
| 701 | 0 | @a崔世广@4著 |
| 801 | @aCN@bTSTC@c20020127 | |
| 905 | @b304769-771@dK313.5@e32@f3 | |
| 再生还是衰落:21世纪日本的抉择/金熙德等著.-北京:社会科学文献出版社,2001.4 |
| 538页;20cm.-(日本研究丛书) |
| ISBN 7-80149-492-X:CNY33.00 |
| ● |
| 相关链接 |
|
|
|
|
正题名:再生还是衰落
索取号:K313.5/32
 
预约/预借
| 序号 | 登录号 | 条形码 | 馆藏地/架位号 | 状态 | 备注 |
| 1 | 0304769 | 203047693 | 第二借阅区/ [索取号:K313.5/32] | 在馆 | |
| 2 | 0304770 | 203047700 | 第二借阅区/ [索取号:K313.5/32] | 在馆 | |
| 3 | 0304771 | 203047719 | 第二样本阅览室/ [索取号:K313.5/32] | 在馆 |